निर्यात तैयार है — 

Uranium, nonproliferation and energy security

This book provides information about industrial nuclear energy, product uranium and government policy

में बचाया:
ग्रंथसूची विवरण
मुख्य लेखक: Warnecke, Steven J.
स्वरूप: पुस्तक
भाषा:Undetermined
प्रकाशित: Paris The Atlantic Institute for International Affairs 1979
विषय:
टैग : टैग जोड़ें
कोई टैग नहीं, इस रिकॉर्ड को टैग करने वाले पहले व्यक्ति बनें!
Thư viện lưu trữ: Trung tâm Học liệu Trường Đại học Cần Thơ
LEADER 00719nam a2200205Ia 4500
001 CTU_106954
008 210402s9999 xx 000 0 und d
082 |a 338.7924 
082 |b W278 
100 |a Warnecke, Steven J. 
245 0 |a Uranium, nonproliferation and energy security 
245 0 |c Steven J. Warnecke 
260 |a Paris 
260 |b The Atlantic Institute for International Affairs 
260 |c 1979 
520 |a This book provides information about industrial nuclear energy, product uranium and government policy 
650 |a Nuclear energy,Uranium,Nuclear industry 
650 |x Government policy,Security measures 
904 |i Truc 
980 |a Trung tâm Học liệu Trường Đại học Cần Thơ